NBA : Michael Jordan - Statistiques

Statistiques générales
  • Ce quiz a été pris 325 fois
  • Le résultat moyen est 14 sur 15
Statistiques - réponses
Questions Réponses % Correct
En quelle année a-t-il été drafté en NBA ? 1984
97%
Combien de titres olympiques détient-il avec la Team USA ? 2
97%
Dans quelle franchise a-t-il débuté sa carrière ? Chicago Bulls
97%
En quelle année a été constituée la Dream Team, à laquelle Jordan était une pierre angulaire ? 1992
93%
Quel numéro Jordan a-t-il porté durant une bonne partie de sa carrière ? 23
92%
Combien de titres MVP détient Michael Jordan ? 5
92%
Combien de fois MJ a-t-il participé aux All Star Game ? 14
91%
En quelle année a eu lieu sa première retraite sportive ? 1993
91%
En quelle position ? 3
91%
A 2 points près, quel est son record de points marqués en un seul match ? 69
91%
Quel joueur, a alors pris le lead de la franchise lors de cette première retraite provisoire ? Scottie Pippen
88%
A la fin de sa carrière, quelle franchise rejoint-il ? Washington Wizard
85%
Avec 37 points de moyenne, lors de quelle saison Jordan a-t-il le plus scoré ? 1986-1987
84%
Bien que polyvalent, quel est le poste de prédilection de Michael Jordan ? Arrière
84%
En 1994 et 1995, quelle franchise menée par Hakeem Olajuwon prend deux titres NBA, lors de la période de domination de la franchise de Jordan ? Houston Rockets
82%
Aucun quiz correspondant
Distribution des résultats
% des personnes avec chaque résultat
Percentile par nombre de réponses
Votre historique - résultats
Vous n’avez pas pris ce quiz